|
|
|
|
| LEADER |
00000nab a2200000 a 4500 |
| 001 |
vtls008954982 |
| 003 |
SK-MaSNL |
| 005 |
20260303070334.0 |
| 008 |
051219 19770208xo d 000 0 slo |
| 015 |
|
|
|a SNBRB1977
|
| 040 |
|
|
|a SNKBUCL
|b slo
|c SNKBUCL
|e AACR2
|
| 041 |
0 |
|
|a slo
|
| 044 |
|
|
|a xo
|c SK
|
| 080 |
|
|
|a 796.922
|2 2001
|
| 245 |
0 |
0 |
|a Stretnutie generácií
|b štvrtý ročník Bielej stopy SNP najmodernejšou technikou
|
| 611 |
2 |
7 |
|a Biela stopa SNP
|n (4. :
|d 1977 :
|c Kremnica a Banská Bystrica, Slovensko)
|2 snkbucl
|9 1067648
|
| 650 |
0 |
7 |
|a beh na lyžiach
|2 snkbucl
|9 3259
|
| 773 |
0 |
|
|t Šport
|g 8. 2. 1977, s. 1 a 6
|
| 999 |
|
|
|c 1754941
|d 1756871
|